Utilisation and reliability of high power proton accelerators workshop proceedings Aix-en-Provence, France 22-24 November 1999
Uložené v:
| Korporativný autor: | |
|---|---|
| Médium: | Kniha |
| Jazyk: | English |
| Vydavateľské údaje: |
Paris
OECD
2001
|
| Edícia: | Nuclear science
|
| Predmet: | |
| Tagy: |
Žiadne tagy, Buďte prvý, kto otaguje tento záznam!
|
MARC
| LEADER | 00000nam a2200000 4500 | ||
|---|---|---|---|
| 001 | c130018 | ||
| 005 | 20221124104021.5 | ||
| 020 | |a 92-64-18749-9 | ||
| 041 | 0 | |a eng | |
| 044 | |a FR | ||
| 245 | 1 | 0 | |a Utilisation and reliability of high power proton accelerators |b workshop proceedings Aix-en-Provence, France 22-24 November 1999 |
| 264 | 1 | |a Paris |b OECD |c 2001 | |
| 300 | |a 472 s. | ||
| 490 | 1 | |a Nuclear science | |
| 830 | 0 | |a Nuclear science | |
| 610 | 2 | 0 | |a energia atómová |
| 610 | 2 | 0 | |a výskum |
| 610 | 2 | 0 | |a výskum nukleárny |
| 610 | 2 | 0 | |a využitie energie |
| 610 | 2 | 0 | |a bezpečnosť |
| 610 | 2 | 0 | |a bezpečnosť jadrová |
| 710 | 2 | |a OECD. Nuclear Energy Agency | |